00667nam a2200181 a 450000100060000000300090000600800410001502000150005604000280007108200160009910000410011524500810015626000500023730000160028749000090030350501320031265000410044413563CO-ViMGA141112s2004 ck r 000 u spa d a9586550559 aCO-ViMGAbspacCO-ViMGA04a370.9 S139m1 aSaenz O., Javier; Saldarriaga, Oscar10aMirar la infancia : bpedagogia, moral y modernidad en Colombia, 1903 - 1946 aMedellin : bUniversidad de Antioquia, c1997 a2 VOLUMENES aCLIO aV - 1 Pedagogía clásica, moral católica y modernidad en Colombia, 1903 - 1935. \ V - 1 Raza, examen, método y sociedad.14aeducación - HISTORIA - 1903 - 1046